LEADER 00529nam a2200169 i 4500 001 000000218236 003 CaOOAMICUS 005 20130122000000.0 008 130122s1900 xx u000 u lat u 013 $a197133 040 $aSeMil$bita 245 10$a19. 300 $a291 p. 773 0 $tLeonis 13. pontificis maximi Acta.$dRoma : Ex Typ. Vaticana, 1881-1905.$g19$w()27944 850 $aSeMil 852 $aSeMil$W1$xVenegono$y1$m2H IV 48 FA$j168649$B168649$CSeMilBibl$Z2$F179531 $8I 996 $6245$a19$9(OLS)http://semarc/title/239915 LEADER 00884nam a2200205 i 4500 001 000000189488 003 CaOOAMICUS 005 20100510000000.0 008 100510s1975 fr u000 u fre u 013 $a167762 040 $aSeMil$bita 100 1 $aCourcelle, Pierre,$d<1912-1980>.$0(OLS)http://semarc/name/10417 245 10$a[Tome 2]. 300 $aVIII, P. 296-530. 490 0 $aCollection d'Études augustiniennes. Série antiquité 773 0 $aCourcelle, Pierre <1912-1980>$tConnais-toi toi-même.$dParis : Études Augustiniennes, 1974-1975.$kCollection d'Études augustiniennes. Série antiquité$g2$w()23334 830 0$aCollection d'Études augustiniennes. Série antiquité.$0(OLS)http://semarc/title/9394 850 $aSeMil 852 $aSeMil$W1$xVenegono$y1$m2T V 189$j140119$B140119$CSeMilBibl$Z2$F151717 $81 996 $6245$a[Tome 2]$9(OLS)http://semarc/title/143603